| 000 | 00414nam a2200109Ia 4500 | ||
|---|---|---|---|
| 008 | 171204s9999 xx 000 0 und d | ||
| 245 | 2 | _aA Close Look At Close Reading: Teaching Students To Analyze Complex Texts, Grades 6-12 | |
| 245 | _cBarbara Moss and Diane Lapp | ||
| 260 | _c2015 | ||
| 650 | _xPRF Ed 3: Developmental Reading | ||
| 856 | _uhttp://down.ebook777.com/018/ACloLooAtCloReaTeaStuToAnaComTexGra612.pdf | ||
| 999 |
_c345870 _d345870 |
||